Normal view
MARC view
Entry Personal Name
001 - CONTROL NUMBER
- control field: 47358
003 - CONTROL NUMBER IDENTIFIER
- control field: dpl
005 - DATE AND TIME OF LATEST TRANSACTION
- control field: 20120518123543.0
008 - FIXED-LENGTH DATA ELEMENTS
- fixed length control field: 120518|||a|||||| | ||| d
040 ## - CATALOGING SOURCE
- Original cataloging agency: dpl
- Transcribing agency: dpl
100 ## - HEADING--PERSONAL NAME
- Personal name: Mishra, R.K.
670 ## - SOURCE DATA FOUND
- Source citation: Work cat.: (dpl)53982: Mishra, R.K., Economic reforms in India and China /, 2011
670 ## - SOURCE DATA FOUND
- Source citation: Work cat.: (dpl)53982: Mishra, R.K., Economic reforms in India and China /, 2011
